Facts on Czechoslovak Foreign Trade 1985

Gespeichert in:
Bibliographische Detailangaben
Format: Buch
Sprache:Englisch
Veröffentlicht: Praha Czechoslovak Chamber of Commerce and Industry 1985
Ausgabe:1. ed.
Tags: Tag hinzufügen
Keine Tags, Fügen Sie das erste Tag hinzu!

MARC

LEADER 00000nam a2200000 4500
001 c028697
005 20221207071821.0
041 0 |a eng 
044 |a CZ 
245 1 0 |a Facts on Czechoslovak Foreign Trade 1985 
250 |a 1. ed. 
264 1 |a Praha  |b Czechoslovak Chamber of Commerce and Industry  |c 1985 
300 |a 210 s.